000 00785nab a2200241 u 4500
001 11205
003 HDC
007 cr bn ---aaaaa
008 210206c20141027 |r|noo 0 a eng d
040 _aHDC
110 _aSun Star
245 0 _aDA cites achievements in agribiz cluster
260 _a[no place] :
_b[publisher not identified],
_c2014
336 _atext
_2rdacontent
337 _acomputer
_2rdamedia
338 _aonline resource
_2rdacarrier
650 _aagribusiness cluster
_911462
650 _ahybrid rice production
_911463
856 _zRequest full-text at [email protected]
942 _2lcc
942 _cNEWS
942 _kNWSO 001273
999 _c8528
_d8528